|
|
|
|
| LEADER |
00754cam a2200229 7i4500 |
| 001 |
0000034984 |
| 005 |
20180404090000.0 |
| 007 |
##ta |
| 008 |
180404s2017 dcud b 000 u eng d |
| 020 |
# |
# |
|a 9789287041258
|
| 040 |
# |
# |
|a MATR
|
| 090 |
0 |
0 |
|a I 337
|b GLO
|
| 245 |
0 |
0 |
|a GLOBAL VALUE CHAIN DEVELOPMENT REPORT 2017 :
|b MEASURING AND ANALYZING THE IMPACT OF GVCs ON ECONOMIC DEVELOPMENT.
|
| 264 |
# |
1 |
|a Washington, D.C.:
|b World Bank Group,
|c 2017.
|
| 300 |
# |
# |
|a xiv, 189 pages:
|b Illustrations;
|c 28 cm.
|
| 336 |
# |
# |
|a text
|2 rdacontent
|
| 337 |
# |
# |
|a unmediated
|2 rdamedia
|
| 338 |
# |
# |
|a volume
|2 rdacarrier
|
| 650 |
# |
0 |
|a International trade
|
| 650 |
# |
0 |
|a Globalization
|
| 710 |
2 |
# |
|a World Bank Group
|
| 999 |
|
|
|a 0000039690
|b Book
|c Book
|e Business Information Centre
|